[Event "Budapest FS04 IM"]
[Site "Budapest"]
[Date "2016.04.02"]
[Round "1"]
[White "Asenov, Pavel"]
[Black "Pavlovic, Dejan S"]
[Result "0-1"]
[WhiteElo "2201"]
[BlackElo "2383"]
[PlyCount "70"]
[EventDate "2016.04.02"]
[EventType "tourn"]
[EventRounds "11"]
[EventCountry "HUN"]
[SourceTitle "CBM 171 Extra"]
[Source "ChessBase"]
[SourceDate "2016.04.26"]
[SourceVersion "1"]
[SourceVersionDate "2016.04.26"]
[SourceQuality "1"]

1. d4 d5 2. c4 c6 3. Nf3 Nf6 4. Qc2 e6 5. g3 dxc4 6. Qxc4 b5 7. Qc2 Bb7 8. Bg2 Nbd7 9. 0-0 c5 10. a4 b4 11. Bg5 Rc8 12. Qd1 Be7 13. Nbd2 h6 14. Bxf6 Bxf6 15. Nc4 Nb6 16. Nxb6 axb6 17. e3 0-0 18. Ne5 Bxg2 19. Kxg2 Qd5+ 20. Qf3 Rfd8 21. Rfd1 cxd4 22. exd4 Rc2 23. Rac1 Rxb2 24. Qxd5 Rxd5 25. Rc8+ Kh7 26. Nf3 e5 27. dxe5 Rxd1 28. exf6 b3 29. Rc7 gxf6 30. Rxf7+ Kg8 31. Rxf6 Rc2 32. Rxb6 b2 33. Rb8+ Kg7 34. Rb7+ Kf6 35. Rb6+ Ke7 0-1